000 00741nam a2200205 u 4500
003 AM-YEHGA
040 _aAM-YeHGA
090 _c457106
001 000020032
005 20250618075329.0
008 980609s1948 ||||||||||||||||||||arm d
041 0 _aarm
100 1 _aԾատուրյան, Ալեքսանդր Հովսեփի,
_d1865-1917
_91663
245 1 0 _aԵրկեր /
_cԱ. Ծատուրյան ; Կազմ. և խմբ.՝ Հ. Մկրտչյան.
260 _aԵրևան :
_bՀայպետհրատ ,
_c1948.
300 _a614 էջ, 1 թ.դիմանկ.
650 1 4 _aԳեղարվեստական գրականություն
700 1 _aՄկրտչյան, Հարություն Գաբրիելի,
_d1903-1992
_eխմբ.
_4edt
_91865
942 _2udc
_cBK
999 _c454122
_d454122